|
|
|
|
| LEADER |
00000nam0a2200000 4500 |
| 001 |
45274 |
| 005 |
20231031023839.0 |
| 010 |
|
|
|a 593923013X
|
| 035 |
|
|
|a (RuTPU)RU\TPU\book\47055
|
| 090 |
|
|
|a 45274
|
| 100 |
|
|
|a 20021206d2001 m y0rusy50 ca
|
| 101 |
1 |
|
|a rus
|c eng
|
| 102 |
|
|
|a RU
|
| 105 |
|
|
|a y z 000ay
|
| 200 |
1 |
|
|a Улики
|e Роман
|e пер. с англ.
|f Дж. Бэнвилл
|g Пер. А. Я. Ливерганта
|
| 210 |
|
|
|a Москва
|c Торнтон и Сагден
|d 2001
|
| 215 |
|
|
|a 240 с.
|
| 610 |
1 |
|
|a романы
|
| 610 |
1 |
|
|a философская проза
|
| 610 |
1 |
|
|a английская литература
|
| 675 |
|
|
|a 82
|v 3
|
| 700 |
|
1 |
|a Бэнвилл
|b Дж.
|g Джон
|
| 702 |
|
1 |
|a Ливергант
|b А. Я.
|4 730
|
| 801 |
|
1 |
|a RU
|b 63413507
|c 20021206
|g PSBO
|
| 801 |
|
2 |
|a RU
|b 63413507
|c 20070926
|g PSBO
|
| 942 |
|
|
|c BK
|